The right side of planning (Record no. 69266)

MARC details
000 -LEADER
fixed length control field 01594cam a2200301 4500
001 - CONTROL NUMBER
control field ABS64938
008 - FIXED-LENGTH DATA ELEMENTS--GENERAL INFORMATION
fixed length control field 020114n2001 000 0 eng u
035 ## - SYSTEM CONTROL NUMBER
System control number (Sirsi) u116278
100 ## - MAIN ENTRY--PERSONAL NAME
Personal name Edwards, M
245 #4 - TITLE STATEMENT
Title The right side of planning
260 ## - PUBLICATION, DISTRIBUTION, ETC.
Date of publication, distribution, etc. 2001
490 ## - SERIES STATEMENT
Series statement Estates Gazette
Volume/sequential designation (0150) 15 December 2001, 85(1)
520 ## - SUMMARY, ETC.
Summary, etc. Discusses the impact of the Human Rights Act 1998 on the planning system following the "Alconbury" decision. Acknowledges the importance of "Alconbury" which addressed the compatibility of the call-in decision-making process with the European Convention on Human Rights Article 6 requirement to a fair hearing, but suggests that "Alconbury" has its limitations and should not represent the final word. Discusses a number of recent planning cases and suggests that cumulatively they may have a significant influence over how human rights issues will mould the planning system. Case law.
590 ## - LOCAL NOTE (RLIN)
Local note ABS
650 ## - SUBJECT ADDED ENTRY--TOPICAL TERM
Topical term or geographic name entry element HUMAN RIGHTS ACT 1998
650 ## - SUBJECT ADDED ENTRY--TOPICAL TERM
Topical term or geographic name entry element ALCONBURY
650 ## - SUBJECT ADDED ENTRY--TOPICAL TERM
Topical term or geographic name entry element CONVENTION FOR THE PROTECTION OF HUMAN RIGHTS AND FUNDAMENTAL FREEDOMS ART 6
650 ## - SUBJECT ADDED ENTRY--TOPICAL TERM
Topical term or geographic name entry element PLANNING SYSTEM
650 ## - SUBJECT ADDED ENTRY--TOPICAL TERM
Topical term or geographic name entry element PLANNING INQUIRIES
650 ## - SUBJECT ADDED ENTRY--TOPICAL TERM
Topical term or geographic name entry element PLANNING APPLICATIONS
650 ## - SUBJECT ADDED ENTRY--TOPICAL TERM
Topical term or geographic name entry element R V RHONDDA CYNON TAFF BC EX P KATHRO AND OTHERS
650 ## - SUBJECT ADDED ENTRY--TOPICAL TERM
Topical term or geographic name entry element FRIENDS PROVIDENT LIFE & PENSIONS LTD V SOS TRANSPORT, LOCAL GOVERNMENT AND THE REGIONS
650 ## - SUBJECT ADDED ENTRY--TOPICAL TERM
Topical term or geographic name entry element SOUTH BUCKS DC V PORTER
650 ## - SUBJECT ADDED ENTRY--TOPICAL TERM
Topical term or geographic name entry element R V GLOUCESTER CITY COUNCIL EX P BRITISH TELECOMMUNICATIONS PLC AND ANOTHER
690 ## - LOCAL SUBJECT ADDED ENTRY--TOPICAL TERM (OCLC, RLIN)
Topical term or geographic name as entry element Planning and development
9 (RLIN) 6259
700 ## - ADDED ENTRY--PERSONAL NAME
Personal name Martin, J
942 ## - ADDED ENTRY ELEMENTS (KOHA)
Suppress in OPAC 0
Holdings
Withdrawn status Lost status Source of classification or shelving scheme Damaged status Not for loan Home library Current library Shelving location Date acquired Total Checkouts Full call number Barcode Date last seen Copy number Price effective from Koha item type
    Dewey Decimal Classification     London London Journal article 14/01/2002   ABS64938 116278-1001 06/08/2019 1 06/08/2019 Journal article